Cheeky Monkey: (Record no. 49771)
| 000 -LEADER | |
|---|---|
| fixed length control field | 00568nam a2200133 4500 |
| 020 ## - INTERNATIONAL STANDARD BOOK NUMBER | |
| International Standard Book Number | 9781784407490 |
| 100 ## - MAIN ENTRY--PERSONAL NAME | |
| Personal name | Igloo Books, |
| Relator term | publisher. |
| 9 (RLIN) | 84515 |
| 245 ## - TITLE STATEMENT | |
| Title | Cheeky Monkey: |
| Remainder of title | Giggle and play with cheeky monkey. |
| 260 ## - PUBLICATION, DISTRIBUTION, ETC. (IMPRINT) | |
| Place of publication, distribution, etc | Cottage Farm: |
| Name of publisher, distributor, etc | Igloo Books Ltd.; |
| Date of publication, distribution, etc | 2016. |
| 300 ## - PHYSICAL DESCRIPTION | |
| Extent | 12 pages. |
| 500 ## - GENERAL NOTE | |
| General note | Monkey is up bright and early in the jungle, ready to cause some mischief! Join in the fun with the exciting hand puppet and help Monkey play practical jokes on all of his animal friends. |
| 650 ## - SUBJECT ADDED ENTRY--TOPICAL TERM | |
| 9 (RLIN) | 57895 |
| Topical term or geographic name as entry element | Finger puppets |
| Form subdivision | Juvenile fiction. |
| 942 ## - ADDED ENTRY ELEMENTS (KOHA) | |
| Source of classification or shelving scheme | |
| Koha item type | Board Book |
| Withdrawn status | Lost status | Source of classification or shelving scheme | Damaged status | Not for loan | Home library | Current library | Date acquired | Total Checkouts | Full call number | Barcode | Date last seen | Date checked out | Price effective from | Koha item type |
|---|---|---|---|---|---|---|---|---|---|---|---|---|---|---|
| Logos International School | Logos International School | 11/17/2025 | 6 | BB IGL | 041964 | 04/30/2026 | 03/26/2026 | 11/17/2025 | Board Book |